[Event "Titled Tue 24th Jun Early"]
[Site "chess.com INT"]
[Date "2025.06.24"]
[Round "2"]
[White "Leung, Hoi Ting"]
[Black "Mishra, Manoj"]
[Result "0-1"]
[WhiteTitle "WCM"]
[BlackTitle "CM"]
[WhiteElo "1618"]
[BlackElo "1941"]
[WhiteFideId "6003770"]
[BlackFideId "5006007"]
[EventDate "2025.06.24"]

1. d4 g6 2. c4 Bg7 3. e3 Nf6 4. Nf3 O-O 5. Nc3 d6 6. Bd2 Nc6 7. Qb3 Rb8 8. Be2
e5 9. dxe5 Nxe5 10. O-O Re8 11. Rad1 c6 12. Nxe5 dxe5 13. Bf3 e4 14. Be2 Qc7 15.
f4 exf3 16. Bxf3 Be6 17. e4 Rbd8 18. Bg5 Rxd1 19. Rxd1 Ng4 20. g3 Qe5 21. Bf4
Qc5+ 22. Kh1 Nf2+ 23. Kg2 Nxd1 24. Bxd1 b5 25. Bf3 Bxc4 26. Qd1 Qe7 27. Qd6 Qxd6
28. Bxd6 Rd8 29. e5 b4 30. Na4 Bd5 31. Bxd5 cxd5 32. Nc5 Bf8 33. Nb7 Rc8 34. Kf3
Rc2 35. Bxb4 Bxb4 0-1

[Event "Titled Tue 24th Jun Early"]
[Site "chess.com INT"]
[Date "2025.06.24"]
[Round "2"]
[White "Li, Yilin"]
[Black "Jimenez Salas, Maria Teresa"]
[Result "0-1"]
[WhiteTitle "WFM"]
[BlackTitle "WIM"]
[WhiteElo "1922"]
[BlackElo "2170"]
[WhiteFideId "8610410"]
[BlackFideId "3843866"]
[EventDate "2025.06.24"]

1. e4 c5 2. Nf3 Nc6 3. Bb5 e6 4. Bxc6 bxc6 5. O-O Ne7 6. d3 Ng6 7. e5 Be7 8. Nc3
O-O 9. b3 f6 10. exf6 Bxf6 11. Bb2 d6 12. Rb1 e5 13. Ne4 Be7 14. Nfd2 Nf4 15. g3
Nh3+ 16. Kg2 Qe8 17. f3 Qg6 18. Kh1 Be6 19. c4 h5 20. Nf2 h4 21. Nde4 hxg3 22.
Nxg3 Nf4 23. Rg1 Qh6 24. Ng4 Bxg4 25. fxg4 Nh3 26. Qc1 Bg5 27. Qc3 Nxg1 28. Kxg1
Be3+ 29. Kh1 Rf2 30. Nf1 Qh3 0-1

[Event "Titled Tue 24th Jun Early"]
[Site "chess.com INT"]
[Date "2025.06.24"]
[Round "2"]
[White "Sabatier, Mathis"]
[Black "Duarte Cramer, Lily Jeanette"]
[Result "1-0"]
[WhiteTitle "CM"]
[BlackTitle "WCM"]
[WhiteElo "2235"]
[BlackElo "1828"]
[WhiteFideId "26029685"]
[BlackFideId "29620180"]
[EventDate "2025.06.24"]

1. d4 d5 2. c4 c6 3. Nc3 Nf6 4. cxd5 cxd5 5. Bg5 e6 6. e3 Nc6 7. f4 Be7 8. Nf3
h6 9. Bh4 Nd7 10. Bxe7 Qxe7 11. a3 Nf6 12. Bd3 O-O 13. Ne5 Nxe5 14. fxe5 Nd7 15.
O-O f6 16. Qh5 f5 17. g4 fxg4 18. Qg6 Rxf1+ 19. Rxf1 Nf8 20. Qxg4 Qg5 21. Qxg5
hxg5 22. Nb5 Bd7 23. Nd6 Be8 24. b4 Bg6 25. Bxg6 Nxg6 26. Nxb7 Rc8 27. Nc5 Nf8
28. Kg2 Rc6 29. b5 Rb6 30. Rxf8+ Kxf8 31. Nd7+ Kf7 32. Nxb6 axb6 33. Kf3 Kg6 34.
e4 g4+ 35. Kxg4 dxe4 36. Kf4 Kh5 37. Kxe4 g5 38. d5 exd5+ 39. Kxd5 g4 40. e6 Kg6
41. Kd6 Kh5 42. e7 Kh4 43. e8=Q Kh3 44. Qe5 Kg2 45. Qg3+ Kh1 46. h3 gxh3 47.
Qxh3+ Kg1 48. Kd5 Kf2 49. Ke4 Ke2 50. Qh2+ Kd1 51. Kd3 Kc1 52. Qc2# 1-0

[Event "Titled Tue 24th Jun Early"]
[Site "chess.com INT"]
[Date "2025.06.24"]
[Round "2"]
[White "Saya, Ethan"]
[Black "Galchenko, Matvey"]
[Result "0-1"]
[WhiteTitle "FM"]
[BlackTitle "IM"]
[WhiteElo "2262"]
[BlackElo "2435"]
[WhiteFideId "26095181"]
[BlackFideId "24175480"]
[EventDate "2025.06.24"]

1. e4 e6 2. d4 d5 3. exd5 exd5 4. Nf3 Nf6 5. Bd3 c5 6. O-O Nc6 7. Re1+ Be7 8.
dxc5 O-O 9. Nbd2 Bxc5 10. Nb3 Bb6 11. c3 Re8 12. Bg5 Be6 13. Nbd4 h6 14. Bh4 a6
15. Nxe6 fxe6 16. Bg6 Re7 17. Qd3 Qf8 18. Ne5 Nxe5 19. Rxe5 Ng4 20. Re2 Qf4 21.
Qg3 Qxg3 22. hxg3 Rd7 23. Bh5 Nxf2 24. Rxf2 g5 25. Kf1 Bxf2 26. Kxf2 Rf8+ 27.
Ke2 e5 28. Bg4 Re7 29. Rh1 gxh4 30. Rxh4 Rf6 31. c4 dxc4 32. Bf3 b5 33. Rg4+ Rg7
34. Bd5+ Kf8 35. Re4 Rxg3 36. Rxe5 Rg5 37. Rxg5 hxg5 38. Bb7 Ke7 39. Ke3 Kd7 40.
a3 Kc7 41. Be4 Kd6 42. Kd4 Rf2 0-1

[Event "Titled Tue 24th Jun Early"]
[Site "chess.com INT"]
[Date "2025.06.24"]
[Round "2"]
[White "Tregubov, Pavel V."]
[Black "Zmijanac, Dusko"]
[Result "1-0"]
[WhiteTitle "GM"]
[BlackTitle "FM"]
[WhiteElo "2550"]
[BlackElo "2007"]
[WhiteFideId "4115341"]
[BlackFideId "908762"]
[EventDate "2025.06.24"]

1. e4 Nf6 2. e5 Nd5 3. d4 d6 4. Nf3 Bg4 5. h3 Bh5 6. c4 Nb6 7. g4 Bg6 8. e6 fxe6
9. Bd3 Bxd3 10. Qxd3 Nc6 11. Nc3 Qd7 12. Ng5 g6 13. Be3 Bg7 14. O-O-O d5 15. c5
Nc4 16. Nxh7 O-O-O 17. Ng5 Rdf8 18. Qxg6 Nxe3 19. fxe3 Bh6 20. h4 Rfg8 21. Qxe6
Bxg5 22. Qxd7+ Kxd7 23. hxg5 Rxh1 24. Rxh1 Rxg5 25. Rg1 e6 26. Kd2 Ne7 27. Ke2
c6 28. Kf3 Ng6 29. Rh1 e5 30. Rh5 exd4 31. Rxg5 dxc3 32. bxc3 Nf8 33. Rg7+ Kd8
34. Rxb7 Ne6 35. Rxa7 Nxc5 36. g5 Ne4 37. g6 Ke8 38. g7 Nf6 39. a4 1-0

[Event "Titled Tue 24th Jun Early"]
[Site "chess.com INT"]
[Date "2025.06.24"]
[Round "2"]
[White "Bluebaum, Matthias"]
[Black "Caprio, Guido"]
[Result "1-0"]
[WhiteTitle "GM"]
[BlackTitle "IM"]
[WhiteElo "2663"]
[BlackElo "2435"]
[WhiteFideId "24651516"]
[BlackFideId "834580"]
[EventDate "2025.06.24"]

1. d4 Nf6 2. c4 e6 3. Nc3 Bb4 4. e3 O-O 5. Bd2 c5 6. a3 Bxc3 7. Bxc3 Ne4 8. Ne2
Nxc3 9. Nxc3 d6 10. dxc5 dxc5 11. Qc2 Nc6 12. Bd3 h6 13. O-O-O Qe7 14. f4 b6 15.
g4 Bb7 16. Rhg1 Rad8 17. g5 h5 18. Ne4 Kh8 19. Qe2 g6 20. Nf6 b5 21. cxb5 Na5
22. Nxh5 c4 23. Bc2 Nb3+ 24. Kb1 Qc5 25. Nf6 Qxb5 26. Rxd8 Rxd8 27. Rd1 Rb8 28.
Qg4 Bf3 29. Qh4+ Bh5 30. Nxh5 Nd2+ 31. Kc1 Qxb2+ 32. Kxd2 Rd8+ 33. Ke1 Qc3+ 34.
Kf1 1-0

[Event "Titled Tue 24th Jun Early"]
[Site "chess.com INT"]
[Date "2025.06.24"]
[Round "2"]
[White "Jasinski, Alexander"]
[Black "Redor, Menandro"]
[Result "1-0"]
[WhiteElo "1989"]
[BlackElo "2021"]
[WhiteFideId "55627994"]
[BlackFideId "5222010"]
[EventDate "2025.06.24"]

1. e4 c6 2. d4 d5 3. e5 Bf5 4. Nf3 e6 5. Be2 Ne7 6. O-O Nd7 7. Nh4 Bg6 8. Nd2 c5
9. c3 Nc6 10. Nxg6 hxg6 11. Nf3 cxd4 12. cxd4 Be7 13. Be3 g5 14. g3 g4 15. Ne1
Bg5 16. Bxg4 Bxe3 17. fxe3 Qg5 18. Qf3 O-O-O 19. h4 Qg6 20. Rc1 Kb8 21. a3 Rde8
22. Ng2 f6 23. Nf4 Qf7 24. Bh5 Qe7 25. Bxe8 Qxe8 26. Qg4 g5 27. hxg5 fxe5 28.
Nxe6 exd4 29. exd4 a6 30. Rce1 Ka7 31. Nc5 Qg6 32. Nxd7 1-0

[Event "Titled Tue 24th Jun Early"]
[Site "chess.com INT"]
[Date "2025.06.24"]
[Round "2"]
[White "Lopez Rayo, Santiago"]
[Black "Huseynova, Lala"]
[Result "1-0"]
[WhiteTitle "FM"]
[BlackTitle "WFM"]
[WhiteElo "2282"]
[BlackElo "2045"]
[WhiteFideId "4455665"]
[BlackFideId "13431781"]
[EventDate "2025.06.24"]

1. e4 c5 2. Nf3 d6 3. d4 cxd4 4. Nxd4 Nf6 5. Nc3 a6 6. Bg5 e6 7. f4 Nbd7 8. Qe2
Be7 9. e5 dxe5 10. fxe5 Nd5 11. Bxe7 Nxe7 12. O-O-O O-O 13. h4 Qc7 14. Nf3 Ng6
15. Re1 h6 16. h5 Ne7 17. g4 b5 18. g5 b4 19. Ne4 Nxe5 20. gxh6 Nxf3 21. Qxf3
Bb7 22. hxg7 Nf5 23. gxf8=Q+ Kxf8 24. h6 Rc8 25. Bd3 Nd4 26. Qf2 1-0

[Event "Titled Tue 24th Jun Early"]
[Site "chess.com INT"]
[Date "2025.06.24"]
[Round "2"]
[White "Oberoi, Shelev"]
[Black "Marchesich, Giovanni"]
[Result "1-0"]
[BlackTitle "CM"]
[WhiteElo "2174"]
[BlackElo "2189"]
[WhiteFideId "30908590"]
[BlackFideId "2824790"]
[EventDate "2025.06.24"]

1. d4 Nf6 2. Nc3 d5 3. Bf4 Bd7 4. e3 a6 5. Nf3 b5 6. a3 e6 7. b4 Bd6 8. Ne5 O-O
9. Bd3 Nc6 10. Qf3 Ne7 11. Qh3 Ng6 12. g4 Bxe5 13. Bxe5 Ne8 14. Qg3 f6 15. Bf4
Qe7 16. h4 Nxf4 17. Qxf4 c6 18. Qg3 e5 19. O-O e4 20. Be2 f5 21. g5 f4 22. exf4
Nd6 23. Bg4 Bf5 24. Rae1 Qd7 25. f3 Rae8 26. fxe4 Bxg4 27. f5 Nxe4 28. Nxe4 Rxe4
29. Rxe4 dxe4 30. Qxg4 Qxd4+ 31. Kg2 Qd5 32. f6 gxf6 33. gxf6+ Kh8 34. Qg7# 1-0

[Event "Titled Tue 24th Jun Early"]
[Site "chess.com INT"]
[Date "2025.06.24"]
[Round "2"]
[White "Ganzhurov, Roman"]
[Black "Gan-Erdene, Sugar"]
[Result "0-1"]
[WhiteTitle "FM"]
[BlackTitle "IM"]
[WhiteElo "2082"]
[BlackElo "2454"]
[WhiteFideId "4179501"]
[BlackFideId "4902980"]
[EventDate "2025.06.24"]

1. d4 g6 2. c4 Bg7 3. Nf3 d6 4. Nc3 Nc6 5. d5 Ne5 6. Nd4 c5 7. dxc6 Nxc6 8. Nf3
Nf6 9. e3 O-O 10. Be2 Bd7 11. O-O Rc8 12. h3 Na5 13. Nd2 Be6 14. b3 d5 15. Bb2
dxc4 16. bxc4 Nxc4 17. Nxc4 Bxc4 18. Bxc4 Rxc4 19. Qb3 Qc8 20. Nb5 a6 21. Nd4 b5
22. a4 Ne4 23. Rfd1 Nc5 24. Qa2 Nxa4 25. Qb3 Rd8 26. Ba3 e5 27. Nf3 Rxd1+ 28.
Rxd1 h6 29. Bd6 Nc3 30. Ra1 Ne4 31. Bxe5 Rc1+ 32. Rxc1 Qxc1+ 33. Kh2 Nxf2 34.
Bxg7 Kxg7 35. Ne5 Qc7 36. Qb2 Nd3 0-1

[Event "Titled Tue 24th Jun Early"]
[Site "chess.com INT"]
[Date "2025.06.24"]
[Round "2"]
[White "Csonka, Balazs"]
[Black "Bilous, Mykhailo"]
[Result "1-0"]
[WhiteTitle "IM"]
[BlackTitle "IM"]
[WhiteElo "2467"]
[BlackElo "2419"]
[WhiteFideId "742910"]
[BlackFideId "14127555"]
[EventDate "2025.06.24"]

1. Nf3 Nf6 2. d4 g6 3. c4 Bg7 4. Nc3 O-O 5. e4 d6 6. Be2 e5 7. O-O Nc6 8. d5 Ne7
9. b4 a5 10. Ba3 axb4 11. Bxb4 b6 12. a4 Nd7 13. a5 bxa5 14. Bxa5 Rb8 15. Nb5
Nb6 16. Qc2 Bd7 17. c5 Nbxd5 18. exd5 Bxb5 19. cxd6 Qxd6 20. Bxc7 Qxd5 21. Bxb8
Bxe2 22. Qxe2 Rxb8 23. Rfd1 Qe6 24. Ra6 Qf5 25. Ra5 Qf4 26. Nxe5 Nf5 27. Nc6 Rc8
28. Rxf5 1-0

[Event "Titled Tue 24th Jun Early"]
[Site "chess.com INT"]
[Date "2025.06.24"]
[Round "2"]
[White "Sipila, Vilka"]
[Black "Leinov, Roman"]
[Result "1-0"]
[WhiteTitle "IM"]
[BlackTitle "CM"]
[WhiteElo "2465"]
[BlackElo "2120"]
[WhiteFideId "505455"]
[BlackFideId "13504649"]
[EventDate "2025.06.24"]

1. Nf3 Nf6 2. Ne5 d6 3. Nxf7 Kxf7 4. e4 e5 5. Bc4+ Be6 6. Bxe6+ Kxe6 7. d4 exd4
8. Qxd4 Nc6 9. Qe3 Kf7 10. Qb3+ Ke8 11. Qxb7 Ne5 12. f4 Rb8 13. Qxa7 Ng6 14. O-O
Be7 15. Re1 Kf7 16. e5 dxe5 17. fxe5 Nd5 18. e6+ Kg8 19. Rd1 c6 20. c4 Qb6+ 21.
Qxb6 Nxb6 22. Nd2 Rd8 23. b3 Nf4 24. Bb2 Nxe6 25. Nf3 Bc5+ 26. Kh1 h6 27. Ne5
Kh7 28. Nxc6 Rxd1+ 29. Rxd1 Rf8 30. Be5 Rf2 31. a4 Ra2 32. a5 Nc8 33. h3 Kg6 34.
b4 Be3 35. b5 Kf5 36. Bg3 Ke4 37. Kh2 g5 38. Rb1 Nf4 39. Bxf4 Bxf4+ 40. Kh1 Nd6
41. b6 Nxc4 42. b7 Nxa5 43. Nxa5 Rxa5 44. Rb4+ Kd5 45. Rxf4 Rb5 46. Rf5+ Ke4 47.
Rxb5 1-0

[Event "Titled Tue 24th Jun Early"]
[Site "chess.com INT"]
[Date "2025.06.24"]
[Round "2"]
[White "Rieger, Robert"]
[Black "Damaraju, Ashwin"]
[Result "1-0"]
[WhiteTitle "FM"]
[WhiteElo "2334"]
[BlackElo "2084"]
[WhiteFideId "1625527"]
[BlackFideId "39908348"]
[EventDate "2025.06.24"]

1. e4 c5 2. Nf3 d6 3. d4 cxd4 4. Nxd4 Nf6 5. Nc3 g6 6. Be3 Nc6 7. Bc4 Bg7 8. Bb3
Bd7 9. f3 h5 10. Qd2 Ne5 11. O-O Rc8 12. h3 Qa5 13. Qe2 Nc6 14. Rad1 O-O 15. f4
Nxd4 16. Bxd4 e5 17. fxe5 dxe5 18. Be3 Bc6 19. Bg5 Qc5+ 20. Kh1 Nh7 21. Be3 Qa5
22. Qf2 Bf6 23. Rd6 Be7 24. Rxg6+ Kh8 25. Rh6 f5 26. Qg3 Rg8 27. Bxg8 Rxg8 28.
Qf3 Qa6 29. Rxh7+ Kxh7 30. Qxh5+ Kg7 31. Bh6+ Kf6 32. Qxf5# 1-0

[Event "Titled Tue 24th Jun Early"]
[Site "chess.com INT"]
[Date "2025.06.24"]
[Round "2"]
[White "Marin Ferragut, Pau"]
[Black "Chigaev, Maksim"]
[Result "0-1"]
[WhiteTitle "FM"]
[BlackTitle "GM"]
[WhiteElo "2380"]
[BlackElo "2635"]
[WhiteFideId "54716020"]
[BlackFideId "4108116"]
[EventDate "2025.06.24"]

1. Nf3 d5 2. g3 g6 3. Bg2 Bg7 4. d4 Nf6 5. O-O O-O 6. c4 dxc4 7. Qc2 Nc6 8. Qxc4
Be6 9. Qa4 a6 10. Rd1 b5 11. Qc2 Nb4 12. Qd2 Nxa2 13. Ne5 Nxc1 14. Rxc1 Bd5 15.
Bxd5 Nxd5 16. Nc6 Qd6 17. e4 Nb6 18. Qf4 Rfe8 19. Qxd6 exd6 20. Nd2 f5 21. exf5
gxf5 22. Kf1 Nd5 23. Nf3 f4 24. g4 Kf7 25. h4 h5 26. gxh5 Rh8 27. Ng5+ Kf6 28.
Kg2 Rxh5 29. Kh3 Kf5 30. Rg1 Rxh4+ 31. Kxh4 Rh8+ 0-1

[Event "Titled Tue 24th Jun Early"]
[Site "chess.com INT"]
[Date "2025.06.24"]
[Round "2"]
[White "Aadya, Gupta"]
[Black "Urbina Perez, Juan Antonio"]
[Result "1-0"]
[WhiteTitle "WFM"]
[BlackTitle "FM"]
[WhiteElo "1923"]
[BlackElo "2221"]
[WhiteFideId "25778293"]
[BlackFideId "2217368"]
[EventDate "2025.06.24"]

1. d4 d5 2. c4 c6 3. Nf3 Nf6 4. g3 h6 5. Bg2 Bf5 6. O-O e6 7. b3 Bd6 8. Ba3 Bxa3
9. Nxa3 O-O 10. Nc2 Nbd7 11. Nce1 a5 12. a4 Re8 13. Nd3 Qb6 14. Nde5 Nxe5 15.
Nxe5 Red8 16. c5 Qc7 17. e3 Nd7 18. f4 f6 19. g4 Bh7 20. Nxd7 Rxd7 21. Bh3 Be4
22. g5 hxg5 23. Bxe6+ Kf8 24. Qh5 Rdd8 25. Qh8+ Ke7 26. Qxg7+ Kxe6 27. Qxc7 Rd7
28. f5+ Bxf5 29. Qg3 Be4 30. Qg4+ f5 31. Qxg5 Rdd8 32. Kf2 Rg8 33. Qh6+ Kd7 34.
Rg1 Rge8 35. Rg7+ Kc8 36. Qd6 1-0

[Event "Titled Tue 24th Jun Early"]
[Site "chess.com INT"]
[Date "2025.06.24"]
[Round "2"]
[White "Vandan Alankar Sawai"]
[Black "Firouzja, Alireza"]
[Result "0-1"]
[WhiteTitle "CM"]
[BlackTitle "GM"]
[WhiteElo "1955"]
[BlackElo "2766"]
[WhiteFideId "25973096"]
[BlackFideId "12573981"]
[EventDate "2025.06.24"]

1. e4 c5 2. Nf3 d6 3. d4 cxd4 4. Qxd4 Nf6 5. Nc3 a6 6. h3 Nc6 7. Qe3 e6 8. Be2
Be7 9. O-O b5 10. Rd1 Qc7 11. a3 O-O 12. Bf1 Bb7 13. Qe1 Rac8 14. Bf4 Ne5 15.
Nxe5 dxe5 16. Bd2 Bc5 17. Kh1 Bd4 18. f3 Nh5 19. Bd3 f5 20. Qh4 Qf7 21. Rf1 f4
22. Be1 h6 23. Qg4 Nf6 24. Qh4 Kh7 25. Bd2 Nh5 26. Qe1 Ng3+ 27. Kh2 g5 28. Ne2
Nxf1+ 29. Qxf1 Bxb2 30. Ra2 Bd4 31. Nxd4 exd4 32. e5+ Kg7 33. Bb4 Rfd8 34. Ra1
Bd5 35. Qe1 Bc4 36. Be4 d3 37. Bd6 dxc2 38. Bxc2 Bd5 39. Qd2 Rc6 40. Qd3 Kg8 41.
Rd1 Rdc8 42. Bb1 Rc1 43. Rxc1 Rxc1 44. Bc2 h5 45. Qc3 Kg7 46. Qd3 Kg8 47. Qc3 g4
48. fxg4 hxg4 49. Bh7+ Kxh7 50. Qxc1 g3+ 51. Kh1 f3 52. Qc2+ Kg8 53. Qc8+ Kg7
54. Qd8 fxg2+ 0-1

[Event "Titled Tue 24th Jun Early"]
[Site "chess.com INT"]
[Date "2025.06.24"]
[Round "2"]
[White "Estrada Nieto, Julian"]
[Black "Kornev, Alexei"]
[Result "0-1"]
[WhiteTitle "IM"]
[BlackTitle "GM"]
[WhiteElo "2181"]
[BlackElo "2500"]
[WhiteFideId "5101018"]
[BlackFideId "4120949"]
[EventDate "2025.06.24"]

1. e4 c6 2. d4 d5 3. exd5 cxd5 4. Bd3 Nf6 5. c3 Bg4 6. Qb3 Qc7 7. h3 Bh5 8. Ne2
Bg6 9. Bf4 Qc8 10. Bxg6 hxg6 11. Nd2 Nc6 12. Nf3 e6 13. O-O Be7 14. Ne5 O-O 15.
Rac1 Nd7 16. Nd3 Na5 17. Qc2 Nc4 18. b3 Na3 19. Qd2 b5 20. Ne5 Nxe5 21. Bxe5 a5
22. Nf4 Qd7 23. Nd3 Rfc8 24. Rfe1 Rc6 25. Bg3 Rcc8 26. Qb2 b4 27. Ne5 Qb5 28.
cxb4 axb4 29. Rxc8+ Rxc8 30. Rc1 Re8 31. Nc6 Bf8 32. Ne5 Be7 33. Qd2 Bf6 34. Rc5
Qb7 35. Qc1 Nb5 36. Rc6 Nxd4 37. Rc7 Ne2+ 38. Kh2 Qb8 0-1

[Event "Titled Tue 24th Jun Early"]
[Site "chess.com INT"]
[Date "2025.06.24"]
[Round "2"]
[White "Tekeyev, Zaur"]
[Black "Guerrero Cataldo, Juan Andres"]
[Result "1-0"]
[WhiteTitle "IM"]
[BlackTitle "CM"]
[WhiteElo "2407"]
[BlackElo "2082"]
[WhiteFideId "4199731"]
[BlackFideId "3421260"]
[EventDate "2025.06.24"]

1. e4 c6 2. Nf3 d5 3. Nc3 Bg4 4. h3 Bxf3 5. Qxf3 e6 6. d4 dxe4 7. Qe3 Nd7 8.
Nxe4 Ngf6 9. Bd3 Be7 10. c3 O-O 11. O-O Nxe4 12. Qxe4 Nf6 13. Qe2 c5 14. dxc5
Bxc5 15. Bg5 b6 16. Rad1 Qe7 17. Rd2 Rad8 18. Rfd1 Rfe8 19. b4 Bd6 20. Bb5 Rf8
21. a3 Bc7 22. Rd7 Rxd7 23. Rxd7 Qxd7 24. Bxd7 Nxd7 25. Qc4 Be5 26. Qc6 Nf6 27.
c4 h6 28. Be3 Bb2 29. a4 Rd8 30. g3 Bd4 31. Bxd4 Rxd4 32. Qa8+ Kh7 33. Qxa7 Rxc4
34. Qxb6 Rc2 35. Qb7 Rc1+ 36. Kg2 Kg6 37. a5 Rc2 38. a6 e5 39. a7 e4 40. a8=Q e3
41. Qe4+ Nxe4 42. Qxe4+ 1-0

[Event "Titled Tue 24th Jun Early"]
[Site "chess.com INT"]
[Date "2025.06.24"]
[Round "2"]
[White "Savicevs, Arsenijs"]
[Black "Olhovik, Andrei"]
[Result "0-1"]
[WhiteTitle "FM"]
[BlackTitle "FM"]
[WhiteElo "2211"]
[BlackElo "2282"]
[WhiteFideId "11617489"]
[BlackFideId "13507397"]
[EventDate "2025.06.24"]

1. e4 c5 2. Nf3 e6 3. d4 cxd4 4. Nxd4 Bc5 5. Nb3 Bb6 6. Nc3 Ne7 7. Bd3 O-O 8.
Qe2 f5 9. O-O Nbc6 10. Be3 Bxe3 11. Qxe3 f4 12. Qd2 f3 13. g3 Qe8 14. Rfe1 Qh5
15. Bf1 Ng6 16. Nb5 Nce5 17. Nc7 Rb8 18. Qd6 Nf7 19. Qc5 Ng5 20. Qxa7 Nh3+ 21.
Kh1 b6 22. Qxb8 Nxf2+ 23. Kg1 Ng4 24. h3 f2+ 25. Kh1 fxe1=Q 26. Rxe1 Rxf1+ 27.
Rxf1 Qxh3+ 0-1

[Event "Titled Tue 24th Jun Early"]
[Site "chess.com INT"]
[Date "2025.06.24"]
[Round "2"]
[White "Kjaergaard-Jensen, Jesper"]
[Black "Maximov, Dmitry"]
[Result "0-1"]
[WhiteTitle "CM"]
[BlackTitle "GM"]
[WhiteElo "2081"]
[BlackElo "2476"]
[WhiteFideId "1406990"]
[BlackFideId "14105659"]
[EventDate "2025.06.24"]

1. d4 Nf6 2. Nf3 g6 3. c3 Bg7 4. Bg5 O-O 5. Nbd2 d6 6. Bxf6 Bxf6 7. e4 e5 8.
dxe5 dxe5 9. Nc4 Qe7 10. Ne3 c6 11. h4 h5 12. Qb3 Be6 13. Bc4 Bxc4 14. Nxc4 b5
15. Ne3 Nd7 16. O-O-O Nc5 17. Qc2 Bg7 18. g4 hxg4 19. Nxg4 Qe6 20. Ne3 Qxa2 21.
Kd2 Rad8+ 22. Ke2 Na4 23. Rb1 Bh6 24. h5 Bxe3 25. Kxe3 Nc5 26. hxg6 fxg6 27.
Rbg1 Qf7 28. Rg3 Rd3+ 29. Qxd3 Nxd3 30. Kxd3 Rd8+ 31. Kc2 Rd6 32. Rgh3 Qf6 33.
Rg3 a5 34. Rh2 a4 35. Nd2 Qf4 36. Nf1 Qxe4+ 0-1

[Event "Titled Tue 24th Jun Early"]
[Site "chess.com INT"]
[Date "2025.06.24"]
[Round "2"]
[White "Shogdzhiev, Roman"]
[Black "Klys, Kacper"]
[Result "1-0"]
[WhiteTitle "FM"]
[BlackTitle "CM"]
[WhiteElo "2402"]
[BlackElo "2218"]
[WhiteFideId "55653537"]
[BlackFideId "21005281"]
[EventDate "2025.06.24"]

1. c4 e5 2. g3 h5 3. h4 Bc5 4. Bg2 Nc6 5. Nc3 d6 6. e3 Bb6 7. Nge2 Nge7 8. d4
Bg4 9. d5 Nb8 10. f3 Bd7 11. e4 a5 12. Bg5 f6 13. Bd2 Na6 14. Bh3 Bxh3 15. Rxh3
Qd7 16. Rh1 O-O 17. Qa4 c6 18. O-O-O Nb4 19. Be1 Be3+ 20. Kb1 Qc7 21. a3 Na6 22.
Qc2 Rfb8 23. g4 b5 24. dxc6 bxc4 25. Nd5 Nxd5 26. Qxc4 Kh8 27. exd5 Qb6 28. Bc3
Nc5 29. gxh5 Bh6 30. Ng3 a4 31. Nf5 Bf4 32. Nxd6 Na6 33. Nf7+ Kh7 34. d6 Rf8 35.
Rhg1 Rab8 36. Qe4+ Kg8 37. Rxg7+ Kxg7 38. Qg6# 1-0

[Event "Titled Tue 24th Jun Early"]
[Site "chess.com INT"]
[Date "2025.06.24"]
[Round "2"]
[White "Galperin, Platon"]
[Black "Harshit, Ranjan Sahu"]
[Result "1-0"]
[WhiteTitle "GM"]
[BlackTitle "CM"]
[WhiteElo "2500"]
[BlackElo "2191"]
[WhiteFideId "14165414"]
[BlackFideId "25638815"]
[EventDate "2025.06.24"]

1. e4 e5 2. Nf3 Nf6 3. d3 d6 4. Nc3 Nc6 5. d4 exd4 6. Nxd4 Bd7 7. Bc4 Be7 8. O-O
O-O 9. Re1 Ne5 10. Bf1 a6 11. f4 Nc6 12. Nb3 b5 13. a3 Qc8 14. Nd5 Be6 15. Nxe7+
Nxe7 16. Nd4 Bd7 17. e5 dxe5 18. fxe5 Nfd5 19. c4 bxc4 20. Bxc4 c5 21. Nf3 Bc6
22. Ng5 h6 23. Ne4 Nb6 24. Nd6 Qc7 25. Ba2 Rad8 26. Be3 c4 27. Qd4 Nbd5 28. Bf2
Nc8 29. Nxc4 Nb4 30. Qc3 Nxa2 31. Rxa2 Bd5 32. b3 Ne7 33. Bb6 Qc6 34. Bxd8 Rxd8
35. Rd2 Qg6 36. Qg3 Qe6 37. Ne3 Rc8 38. Nxd5 Nxd5 39. Red1 Nc3 40. Rd8+ Kh7 41.
Qd3+ g6 42. Rxc8 Qxc8 43. Rf1 Qc7 44. e6 fxe6 45. Qxa6 Ne4 46. Qe2 Qc5+ 47. Kh1
Qe5 48. Re1 1-0

[Event "Titled Tue 24th Jun Early"]
[Site "chess.com INT"]
[Date "2025.06.24"]
[Round "2"]
[White "Atoyan, Alberto"]
[Black "Hernandez Leon, Sergio"]
[Result "1-0"]
[WhiteTitle "CM"]
[BlackTitle "CM"]
[WhiteElo "2266"]
[BlackElo "2102"]
[WhiteFideId "13314831"]
[BlackFideId "2285622"]
[EventDate "2025.06.24"]

1. e4 c5 2. Nf3 Nf6 3. e5 Nd5 4. Nc3 e6 5. Nxd5 exd5 6. d4 Nc6 7. c3 cxd4 8.
cxd4 Bb4+ 9. Bd2 Qb6 10. Bxb4 Qxb4+ 11. Qd2 Qb6 12. Be2 O-O 13. O-O d6 14. h3
dxe5 15. dxe5 Be6 16. Rfd1 Rfd8 17. Rac1 d4 18. Bc4 Bxc4 19. Rxc4 Qb5 20. b3
Nxe5 21. Nxe5 Qxe5 22. Rxd4 Rxd4 23. Qxd4 Qa5 24. b4 Qc7 25. Qd7 Qb6 26. a3 g6
27. Rd6 1-0

[Event "Titled Tue 24th Jun Early"]
[Site "chess.com INT"]
[Date "2025.06.24"]
[Round "2"]
[White "Tiitta, Sauli"]
[Black "Bozorov, Javohir"]
[Result "0-1"]
[BlackTitle "FM"]
[WhiteElo "2157"]
[BlackElo "2039"]
[WhiteFideId "502251"]
[BlackFideId "14216957"]
[EventDate "2025.06.24"]

1. g4 d5 2. h3 h5 3. g5 h4 4. d4 c5 5. dxc5 e5 6. Bg2 e4 7. Nc3 Be6 8. Be3 Nc6
9. Bd4 Nxd4 10. Qxd4 Qxg5 11. Kf1 Rc8 12. b4 Be7 13. f4 Qxf4+ 14. Qf2 Qxf2+ 15.
Kxf2 Bf6 16. Nb5 Bxa1 17. Nd6+ Ke7 18. Nxb7 Rc7 19. Nd6 Be5 20. Nb5 Rb7 21. a4
a6 22. Nd6 Bxd6 23. cxd6+ Kxd6 24. c3 Ne7 25. e3 Rc8 26. Ne2 Ng6 27. Rd1 Ke7 28.
Bf1 Rbc7 29. Nd4 Rxc3 30. Bxa6 Ra8 31. b5 Ne5 32. a5 Nd3+ 33. Kg2 Nc5 34. Nc6+
Kf6 35. Nb4 Rb3 36. Nxd5+ Bxd5 37. Rxd5 Nxa6 38. Rd6+ Ke5 39. Rxa6 Rb2+ 40. Kf1
Rxa6 41. bxa6 Ra2 42. a7 Rxa5 43. a8=Q Rxa8 0-1